Villes de l'Aisne en images - Statistiques

Statistiques générales
  • Ce quiz a été pris 159 fois
  • Le résultat moyen est 8 sur 18
Statistiques - réponses
Par images Hint Réponse % Correct
L- Laon
98%
S- Soissons
93%
S- Saint-Quentin
84%
M- Marly-Gomont
70%
C- Château-Thierry
61%
G- Guise
57%
V- Villers-Coterets
54%
H- Hirson
44%
C- Chauny
42%
T- Tergnier
39%
V- Vervins
36%
C- Coucy-le-Château-Auffrique
35%
La C- La Capelle
29%
F- Fère-en-Tardenois
21%
B- Bohain-en-Vermandois
13%
C- Clastres
9%
B- Beautor
5%
S- Saint-Michel
5%
Aucun quiz correspondant
Distribution des résultats
% des personnes avec chaque résultat
Percentile par nombre de réponses
Votre historique - résultats
Vous n’avez pas pris ce quiz